LIFE OF SRI RAMAKRISHNA (Record no. 108101)

MARC details
000 -LEADER
fixed length control field 00412nam a2200181Ia 4500
008 - FIXED-LENGTH DATA ELEMENTS--GENERAL INFORMATION
fixed length control field 090124s9999 xx 000 0 und d
082 ## - DEWEY DECIMAL CLASSIFICATION NUMBER
Item number 41904
100 ## - MAIN ENTRY--PERSONAL NAME
Personal name XYZ
245 ## - TITLE STATEMENT
Title LIFE OF SRI RAMAKRISHNA
250 ## - EDITION STATEMENT
Edition statement 0
260 ## - PUBLICATION, DISTRIBUTION, ETC. (IMPRINT)
Name of publisher, distributor, etc ADVAITA ASHRAMA
Date of publication, distribution, etc 1924
300 ## - PHYSICAL DESCRIPTION
Extent 606
600 ## - SUBJECT ADDED ENTRY--PERSONAL NAME
Personal name XYZ
630 ## - SUBJECT ADDED ENTRY--UNIFORM TITLE
Uniform title LIFE OF SRI RAMAKRISHNA
700 ## - ADDED ENTRY--PERSONAL NAME
Personal name XYZ
730 ## - ADDED ENTRY--UNIFORM TITLE
Uniform title LIFE OF SRI RAMAKRISHNA
942 ## - ADDED ENTRY ELEMENTS (KOHA)
Koha item type Book
Holdings
Withdrawn status Lost status Damaged status Not for loan Home library Current library Date acquired Cost, normal purchase price Total Checkouts Full call number Barcode Date last seen Cost, replacement price Price effective from Koha item type
        Nagar Wachan Mandir, Thane Nagar Wachan Mandir, Thane   25.00   41904 THNNWM-41904 01/24/2009 25.00 01/24/2009 Book